000 00895nas a2200289 4500
001 BR8201726
003 BR-BrBNA
005 20231205085111.0
007 ta
008 230509b bl.|||p| |||| 00| 00por d
040 _aBR-BrBNA
_bpor
_cBiblioteca Nacional de Agricultura
041 _a(Pt)
072 _aL00; E15
100 1 _aAraujo, J.G.F. de
100 1 _aRocha, D.S.
100 1 _aMachado Filho, F.
100 1 _aRibon, M.
100 1 _aThiebaut, J.T.L.
245 1 _aAdocao de tecnologia e eficiencia da exploracao leiteira no municipio de Leopoldina, Minas Gerais [Brasil]
_bParte de tese
650 _aPRODUCAO LEITEIRA
650 _aLEITE
650 _aTECNOLOGIA AGRICOLA
650 _aMINAS GERAIS
773 0 _tRevista Ceres (Brazil)
_xISSN 0034-737X
_g(Jan 1982), v. 29(161) p. 60-72
_wBR8201726
909 _a202311
_bLúcia
_c55
_dLúcia Elande
942 _2AGRIS
_n0
_cANA
999 _c109209
_d109209